[Event "Deutsche Ländermeisterschaft 2013"]
[Site "Hannover GER"]
[Date "2013.10.04"]
[Round "5"]
[White "Silber, Stefanie"]
[Black "Reimann, Sebastian"]
[Result "0-1"]
[Termination "normal"]
[Board "3.7"]
[WhiteTitle "14w"]
[BlackTitle "12"]
[WhiteElo "1342"]
[BlackElo "1670"]
[WhiteTeam "Bremen"]
[BlackTeam "Bayern"]
[WhiteFideId "12918245"]
[BlackFideId "12928054"]
[EventCountry "GER"]
[EventRounds "7"]
[EventType "team-swiss"]
[EventDate "2013.10.02"]

1. e4 e5 2. Nf3 Nc6 3. d4 exd4 4. Nxd4 Bc5 5. Be3 Qf6 6. c3 Nge7 7. Bc4 Ne5 8.
Be2 O-O 9. O-O d6 10. Nd2 Qg6 11. Bh5 Qf6 12. f4 N5c6 13. Nc4 Ng6 14. Nxc6
Bxe3+ 15. Nxe3 bxc6 16. g3 Bh3 17. Re1 Rab8 18. Qc2 Rfe8 19. Rad1 Rb5 20. Bf3
Rbb8 21. Rd2 Be6 22. b3 Rbd8 23. Kg2 Bc8 24. c4 Nf8 25. Red1 Nd7 26. Ng4 Qe7
27. b4 Nf6 28. Nf2 c5 29. b5 Nd7 30. Nd3 Nb6 31. a4 a5 32. Nb2 Bb7 33. Re2 Qe6
34. h3 g6 35. h4 f5 36. exf5 Bxf3+ 37. Kxf3 Qxe2+ 38. Qxe2 Rxe2 39. Kxe2 gxf5
40. Kf2 Re8 41. Re1 Rxe1 42. Kxe1 Kg7 43. Ke2 Kg6 44. Kf2 Kh5 45. Kf3 d5 46.
cxd5 c4 47. Kf2 c3 48. Nd3 Nxd5 49. Nc1 Nb6 50. Nb3 Nxa4 51. Nc1 Kg4 52. Kg2
Nc5 53. Ne2 c2 54. Nc1 a4 55. Na2 Nb3 56. Kf2 c1=Q 57. Nxc1 Nxc1 58. Kg2 a3 0-1

[Event "Deutsche Ländermeisterschaft 2013"]
[Site "Hannover GER"]
[Date "2013.10.04"]
[Round "5"]
[White "Böse, Carolin"]
[Black "Sinnhöfer, Lilian"]
[Result "1-0"]
[Termination "normal"]
[Board "3.8"]
[WhiteTitle "12w"]
[BlackTitle "12w"]
[WhiteElo "1219"]
[BlackElo "972"]
[WhiteTeam "Bayern"]
[BlackTeam "Bremen"]
[WhiteFideId "12929646"]
[BlackFideId "12977586"]
[EventCountry "GER"]
[EventRounds "7"]
[EventType "team-swiss"]
[EventDate "2013.10.02"]

1. e4 e5 2. Nf3 Nc6 3. Nc3 Bc5 4. Nxe5 Nxe5 5. d4 Bxd4 6. Qxd4 Nc6 7. Qxg7 Qf6
8. Bh6 Nge7 9. Qxf6 Rg8 10. Bc4 Kd8 11. Bg5 Re8 12. Bxf7 Rf8 13. Nd5 Re8 14.
Nxe7 Nxe7 15. Bxe8 c6 16. Qxe7+ Kc7 17. Qd8+ Kd6 18. O-O-O+ Kc5 19. Qa5+ b5 20.
Be3+ Kc4 21. Qc3# 1-0

[Event "Deutsche Ländermeisterschaft 2013"]
[Site "Hannover GER"]
[Date "2013.10.04"]
[Round "5"]
[White "Schröder, Kevin"]
[Black "Hoffmann, Tim"]
[Result "1/2-1/2"]
[Termination "normal"]
[Board "4.2"]
[WhiteTitle "14"]
[BlackTitle "16"]
[WhiteElo "2063"]
[BlackElo "1943"]
[WhiteTeam "Nordrhein-Westfalen"]
[BlackTeam "Thüringen"]
[WhiteFideId "12929840"]
[BlackFideId "12900338"]
[EventCountry "GER"]
[EventRounds "7"]
[EventType "team-swiss"]
[EventDate "2013.10.02"]

1. d4 Nf6 2. c4 e6 3. Nf3 Bb4+ 4. Bd2 Qe7 5. g3 a5 6. Bg2 Bxd2+ 7. Nbxd2 d6 8.
O-O O-O 9. e4 e5 10. d5 Nbd7 11. Ne1 Nc5 12. b3 Ne8 13. a3 f5 14. f3 fxe4 15.
Nxe4 Nxe4 16. fxe4 Rxf1+ 17. Bxf1 Qg5 18. Qc1 Qxc1 19. Rxc1 Nf6 20. Bg2 b6 21.
h3 Bd7 22. b4 axb4 23. axb4 Kf8 24. c5 bxc5 25. bxc5 g5 26. Nf3 h6 27. Nd2 Ke7
28. Nc4 Rb8 29. c6 Bc8 30. Ra1 g4 31. h4 Rb4 32. Ra8 Rxc4 33. Rxc8 Ne8 34. h5
Rc3 35. Kh2 Rc2 36. Kh1 Rc1+ 37. Kh2 Rc2 38. Rb8 Ra2 39. Rb3 Nf6 40. Rb7 Ne8
41. Kg1 Ra3 42. Kf2 1/2-1/2

[Event "Deutsche Ländermeisterschaft 2013"]
[Site "Hannover GER"]
[Date "2013.10.04"]
[Round "5"]
[White "Zahn, Alina"]
[Black "Meyers, Mark"]
[Result "1/2-1/2"]
[Termination "normal"]
[Board "4.3"]
[WhiteTitle "16w"]
[BlackTitle "16"]
[WhiteElo "1985"]
[BlackElo "1916"]
[WhiteTeam "Thüringen"]
[BlackTeam "Nordrhein-Westfalen"]
[WhiteFideId "24696730"]
[BlackFideId "12927716"]
[EventCountry "GER"]
[EventRounds "7"]
[EventType "team-swiss"]
[EventDate "2013.10.02"]

1. e4 c5 2. Nf3 e6 3. d4 cxd4 4. Nxd4 a6 5. Bd3 Nf6 6. Qe2 Nc6 7. Nxc6 bxc6 8.
e5 Nd5 9. O-O a5 10. a3 d6 11. c4 Nb6 12. f4 d5 13. Nd2 Ba6 14. f5 dxc4 15. Be4
Bc5+ 16. Kh1 c3 17. Bxc6+ Kf8 18. Bb5 cxd2 19. Bxa6 dxc1=Q 20. Raxc1 exf5 21.
Rxc5 g6 22. Rd1 Qe7 23. Rdc1 Rd8 24. Rxa5 Qg5 25. Rg1 Nd5 26. Bc4 Nf4 27. Qf3
Kg7 28. Ra7 Rhf8 29. e6 Rd4 30. b3 Rxc4 31. bxc4 Nxe6 32. c5 Qf6 33. Ra5 Ng5
34. Qe3 f4 35. Qf2 Ne4 36. Qc2 Re8 37. Rf1 Qd4 38. Ra4 Nf2+ 39. Kg1 Nh3+ 40.
Kh1 Nf2+ 41. Kg1 Nh3+ 42. Kh1 1/2-1/2

[Event "Deutsche Ländermeisterschaft 2013"]
[Site "Hannover GER"]
[Date "2013.10.04"]
[Round "5"]
[White "Sabirov, Ramil"]
[Black "Nguyen, Huy Dat"]
[Result "1-0"]
[Termination "normal"]
[Board "4.4"]
[WhiteTitle "16"]
[BlackTitle "14"]
[WhiteElo "1887"]
[BlackElo "1871"]
[WhiteTeam "Nordrhein-Westfalen"]
[BlackTeam "Thüringen"]
[WhiteFideId "12900303"]
[BlackFideId "12923486"]
[EventCountry "GER"]
[EventRounds "7"]
[EventType "team-swiss"]
[EventDate "2013.10.02"]

1. e4 c5 2. Nc3 e6 3. Nge2 d6 4. g3 g6 5. Bg2 Bg7 6. O-O Nc6 7. d3 Nge7 8. Be3
O-O 9. d4 b6 10. Qd2 Ba6 11. Rfe1 Qc7 12. Rad1 Rad8 13. f4 Na5 14. b3 Nac6 15.
d5 exd5 16. exd5 Nb8 17. Ne4 Rde8 18. c4 Bc8 19. Qd3 Bg4 20. Bd2 Nf5 21. Bf3
Bxf3 22. Qxf3 Nd7 23. Bc3 Bxc3 24. N2xc3 Nd4 25. Qd3 a6 26. Ne2 Nxe2+ 27. Rxe2
h6 28. g4 Kh7 29. Rde1 Qb8 30. Qh3 Kg7 31. g5 1-0

[Event "Deutsche Ländermeisterschaft 2013"]
[Site "Hannover GER"]
[Date "2013.10.04"]
[Round "5"]
[White "Scheftlein, Richard"]
[Black "Flüchter, Gregor"]
[Result "1/2-1/2"]
[Termination "normal"]
[Board "4.5"]
[WhiteTitle "16"]
[BlackTitle "14"]
[WhiteElo "1915"]
[BlackElo "2021"]
[WhiteTeam "Thüringen"]
[BlackTeam "Nordrhein-Westfalen"]
[WhiteFideId "12945609"]
[BlackFideId "12903396"]
[EventCountry "GER"]
[EventRounds "7"]
[EventType "team-swiss"]
[EventDate "2013.10.02"]

1. d4 d5 2. c4 c6 3. cxd5 cxd5 4. Nf3 Nf6 5. Nc3 Nc6 6. Bf4 e6 7. e3 Be7 8. Bd3
O-O 9. h3 a6 10. O-O b5 11. Rc1 Bb7 12. Ne5 Nxe5 13. Bxe5 Rc8 14. Ne2 Qb6 15.
Qb3 Ne4 16. Rxc8 Rxc8 17. Rc1 Rxc1+ 18. Nxc1 Qa5 19. Qd1 Nd6 20. Bxd6 Bxd6 21.
Kf1 g6 22. Qc2 Qb6 23. a3 a5 24. Qc3 b4 25. axb4 Bxb4 26. Qc2 Bc6 27. Na2 Bb5
28. Nc1 Qb8 29. Bxb5 Qxb5+ 30. Qd3 Qc6 31. Na2 Bd6 32. b3 1/2-1/2

[Event "Deutsche Ländermeisterschaft 2013"]
[Site "Hannover GER"]
[Date "2013.10.04"]
[Round "5"]
[White "Savchenko, Daniel"]
[Black "Riedel, Erich"]
[Result "1-0"]
[Termination "normal"]
[Board "4.6"]
[WhiteTitle "12"]
[BlackTitle "12"]
[WhiteElo "1751"]
[BlackElo "1739"]
[WhiteTeam "Nordrhein-Westfalen"]
[BlackTeam "Thüringen"]
[WhiteFideId "12919195"]
[BlackFideId "12958646"]
[EventCountry "GER"]
[EventRounds "7"]
[EventType "team-swiss"]
[EventDate "2013.10.02"]

1. e4 e6 2. d4 d5 3. Nd2 Nf6 4. e5 Nfd7 5. f4 c5 6. c3 Nc6 7. Ndf3 a6 8. a3 c4
9. h4 h5 10. Ng5 b5 11. Be2 g6 12. N1h3 Qe7 13. f5 exf5 14. Nf4 Nb6 15. e6 Rh6
16. Nxf7 Rh7 17. Nxg6 Qxe6 18. Nxf8 Qxf7 19. Nxh7 Qxh7 20. Bxh5+ Kd8 21. O-O
Kc7 22. Bg5 Bd7 23. Bf3 Rg8 24. Qd2 Nd8 25. Qf4+ Kc6 26. Bxd8 Rxd8 27. Rae1 Rh8
28. g3 Rg8 29. Kh2 Rg7 30. Bd1 Qg8 31. Qe5 Nc8 32. a4 Nd6 33. axb5+ axb5 34.
Bf3 Bc8 35. h5 Rh7 36. Kg2 Qf7 37. Rh1 Qa7 38. Qxd5+ 1-0

[Event "Deutsche Ländermeisterschaft 2013"]
[Site "Hannover GER"]
[Date "2013.10.04"]
[Round "5"]
[White "Ratay, Meike"]
[Black "Bork, Sophie"]
[Result "1/2-1/2"]
[Termination "normal"]
[Board "4.7"]
[WhiteTitle "12w"]
[BlackTitle "16w"]
[WhiteElo "1496"]
[BlackElo "1536"]
[WhiteTeam "Thüringen"]
[BlackTeam "Nordrhein-Westfalen"]
[WhiteFideId "12977608"]
[BlackFideId "12905429"]
[EventCountry "GER"]
[EventRounds "7"]
[EventType "team-swiss"]
[EventDate "2013.10.02"]

1. e4 e5 2. Nf3 Nc6 3. Bc4 Bc5 4. c3 Nf6 5. d4 exd4 6. cxd4 Bb4+ 7. Bd2 Nxe4 8.
Bxb4 Nxb4 9. Bxf7+ Kxf7 10. Qb3+ d5 11. Qxb4 Rf8 12. Qb3 c6 13. O-O Kg8 14. Re1
Kh8 15. Nbd2 Nxd2 16. Nxd2 Qf6 17. Qe3 Bd7 18. Nb3 b6 19. Qd2 Rf7 20. Re3 Raf8
21. Rf3 Qd6 22. Rxf7 Rxf7 23. Re1 Re7 24. Rxe7 Qxe7 25. Qe3 Qxe3 26. fxe3 Kg8
27. Kf2 Kf7 28. Nd2 Kf6 29. Nf3 Be8 30. Ne5 c5 31. Nd3 c4 32. Ne5 b5 33. a3 a5
34. Ke2 b4 35. axb4 axb4 36. Kd2 Bb5 37. Kc2 Ba4+ 38. Kd2 1/2-1/2

[Event "Deutsche Ländermeisterschaft 2013"]
[Site "Hannover GER"]
[Date "2013.10.04"]
[Round "5"]
[White "Möller, Lisa-Marie"]
[Black "Nguyen, Ha Thanh"]
[Result "1/2-1/2"]
[Termination "normal"]
[Board "4.8"]
[WhiteTitle "12w"]
[BlackTitle "12w"]
[WhiteElo "1488"]
[BlackElo "1550"]
[WhiteTeam "Nordrhein-Westfalen"]
[BlackTeam "Thüringen"]
[WhiteFideId "12959367"]
[BlackFideId "12942154"]
[EventCountry "GER"]
[EventRounds "7"]
[EventType "team-swiss"]
[EventDate "2013.10.02"]

1. e4 c5 2. Nf3 Nc6 3. d4 cxd4 4. Nxd4 g6 5. c4 Bg7 6. Be3 Nf6 7. Nc3 O-O 8.
Be2 d6 9. O-O Bd7 10. Qd2 Nxd4 11. Bxd4 Bc6 12. f3 Nd7 13. Be3 a5 14. Rfd1 Nc5
15. Nd5 Bxd5 16. cxd5 Qd7 17. Rac1 Rfc8 18. Rc2 b6 19. Rdc1 Rcb8 20. b3 f5 21.
exf5 Qxf5 22. Bb5 Rf8 23. Bc6 Rab8 24. Bd4 Bxd4+ 25. Qxd4 Rbc8 26. Rc3 Rc7 27.
a3 Qf4 28. Qxf4 Rxf4 29. Bb5 Rb7 30. Re1 Kf7 31. Ree3 Rd4 32. Kf2 Kf6 33. Ke2
Rb8 34. Bc6 b5 35. g4 g5 1/2-1/2

[Event "Deutsche Ländermeisterschaft 2013"]
[Site "Hannover GER"]
[Date "2013.10.04"]
[Round "5"]
[White "Greßmann, Moritz"]
[Black "Gibicar, Danijel"]
[Result "1/2-1/2"]
[Termination "normal"]
[Board "5.2"]
[WhiteTitle "14"]
[BlackTitle "18"]
[WhiteElo "1889"]
[BlackElo "2149"]
[WhiteTeam "Berlin"]
[BlackTeam "Württemberg"]
[WhiteFideId "24695084"]
[BlackFideId "24660256"]
[EventCountry "GER"]
[EventRounds "7"]
[EventType "team-swiss"]
[EventDate "2013.10.02"]

1. e4 e6 2. d4 d5 3. exd5 exd5 4. c4 Nf6 5. Nf3 Bb4+ 6. Nc3 O-O 7. Be2 dxc4 8.
Bxc4 Nbd7 9. O-O Nb6 10. Bb3 Bf5 11. Ne5 c6 12. Bg5 Be7 13. Qf3 Bg6 14. Nxg6
hxg6 15. Rad1 Nfd5 16. Bxe7 Nxe7 17. d5 cxd5 18. Nxd5 Nexd5 19. Bxd5 Nxd5 20.
Rxd5 Qb6 21. b3 Rad8 22. Rfd1 Rxd5 1/2-1/2

[Event "Deutsche Ländermeisterschaft 2013"]
[Site "Hannover GER"]
[Date "2013.10.04"]
[Round "5"]
[White "Walter, Kevin"]
[Black "Donath, Johann"]
[Result "1-0"]
[Termination "normal"]
[Board "5.3"]
[WhiteTitle "16"]
[BlackTitle "16"]
[WhiteElo "1939"]
[BlackElo "1967"]
[WhiteTeam "Württemberg"]
[BlackTeam "Berlin"]
[WhiteFideId "12906654"]
[BlackFideId "24685160"]
[EventCountry "GER"]
[EventRounds "7"]
[EventType "team-swiss"]
[EventDate "2013.10.02"]

1. e4 e5 2. Nf3 Nc6 3. Bb5 a6 4. Bxc6 dxc6 5. O-O Bg4 6. h3 Bh5 7. g4 Bg6 8.
Nxe5 Qh4 9. Qf3 f6 10. Nxg6 hxg6 11. Kg2 g5 12. d3 Ne7 13. Rh1 O-O-O 14. Nc3
Kb8 15. Ne2 Qh7 16. Ng3 Ng6 17. Nf5 Bd6 18. Be3 Bf4 19. Rad1 Rhe8 20. Qe2 b6
21. a4 Kb7 22. a5 b5 23. Nd4 Be5 24. Nb3 Bd6 25. f3 Qg8 26. Qf2 Ra8 27. Rc1
Red8 28. Nd4 Nf4+ 29. Bxf4 Bxf4 30. Rb1 Qf7 31. Nb3 Be5 32. h4 Rac8 33. d4 Bf4
34. Nc5+ Ka7 35. d5 Ka8 36. Ne6 Rd6 37. Rbd1 cxd5 38. exd5 c6 39. Nxf4 gxf4 40.
dxc6 Rdxc6 41. Rd2 Qa2 42. Re1 Qxa5 43. c3 Kb7 44. Re4 Qc7 45. Qd4 Rc4 46. Qd5+
Qc6 47. Qf7+ Rc7 48. Re7 Rxe7 49. Qxe7+ Kb6 50. Rd6 1-0

[Event "Deutsche Ländermeisterschaft 2013"]
[Site "Hannover GER"]
[Date "2013.10.04"]
[Round "5"]
[White "Leyrer, Thomas"]
[Black "Schmidt, Tobias"]
[Result "1-0"]
[Termination "normal"]
[Board "5.4"]
[WhiteTitle "16"]
[BlackTitle "14"]
[WhiteElo "1769"]
[BlackElo "1932"]
[WhiteTeam "Berlin"]
[BlackTeam "Württemberg"]
[WhiteFideId "12908274"]
[BlackFideId "1271683"]
[EventCountry "GER"]
[EventRounds "7"]
[EventType "team-swiss"]
[EventDate "2013.10.02"]

1. d4 d5 2. c4 dxc4 3. Nf3 Nf6 4. e3 e6 5. Bxc4 c5 6. O-O a6 7. Qe2 Nc6 8. Nc3
b5 9. Bb3 Bb7 10. dxc5 Bxc5 11. Rd1 Qb6 12. Bd2 O-O 13. Rac1 Rac8 14. Bc2 Rfd8
15. Ng5 Nb4 16. Nge4 Nxe4 17. Bxe4 Nxa2 18. Bxh7+ Kxh7 19. Nxa2 Qc6 20. Qh5+
Kg8 21. Qg4 Qe4 22. Qxe4 Bxe4 23. Ba5 Rxd1+ 24. Rxd1 Kf8 25. Rc1 Bb7 26. Rxc5
Rxc5 27. Bb4 Ke7 28. Bxc5+ Kd7 29. Bf8 g6 30. f3 Kc6 31. b4 Kd5 32. Kf2 Kc4 33.
Ke2 Kb3 34. Nc1+ Kc2 35. Nd3 Bd5 36. Ne5 Bc4+ 37. Kf2 1-0

[Event "Deutsche Ländermeisterschaft 2013"]
[Site "Hannover GER"]
[Date "2013.10.04"]
[Round "5"]
[White "Gaßmann, Linda"]
[Black "Lagunow, Elina"]
[Result "1/2-1/2"]
[Termination "normal"]
[Board "5.5"]
[WhiteTitle "16w"]
[BlackTitle "16w"]
[WhiteElo "1810"]
[BlackElo "1736"]
[WhiteTeam "Württemberg"]
[BlackTeam "Berlin"]
[WhiteFideId "12900451"]
[BlackFideId "4673387"]
[EventCountry "GER"]
[EventRounds "7"]
[EventType "team-swiss"]
[EventDate "2013.10.02"]

1. d4 Nf6 2. c4 g6 3. Nc3 Bg7 4. e4 d6 5. f4 O-O 6. Nf3 c5 7. dxc5 Qa5 8. Bd3
Qxc5 9. Qe2 Bg4 10. h3 Bxf3 11. Qxf3 Nbd7 12. a3 a5 13. Be3 Qc6 14. O-O Nc5 15.
Bc2 a4 16. Kh1 Nb3 17. Bxb3 axb3 18. Rac1 Qxc4 19. Nd5 Qa4 20. Nxe7+ Kh8 21. e5
dxe5 22. fxe5 Nd7 23. Qxb7 Nxe5 24. Rf4 Qa6 25. Qxa6 Rxa6 26. Rc3 Rb8 27. Bd4
Re6 28. Nd5 Rd6 29. Nb4 Rbd8 30. Kh2 h5 31. Bc5 Nd3 32. Bxd6 Bxc3 33. Nxd3 Rxd6
34. bxc3 Rxd3 35. Rb4 Rxc3 36. a4 Kg7 37. a5 Rc5 38. Rxb3 Rxa5 39. Rb7 Kf6 40.
Kg3 Rf5 41. Rb6+ Ke5 42. Rb5+ Kd4 43. Rxf5 gxf5 44. Kf4 h4 1/2-1/2

[Event "Deutsche Ländermeisterschaft 2013"]
[Site "Hannover GER"]
[Date "2013.10.04"]
[Round "5"]
[White "Schnabel, Bennett"]
[Black "Weber, Sandra"]
[Result "1/2-1/2"]
[Termination "normal"]
[Board "5.6"]
[WhiteTitle "12"]
[BlackTitle "16w"]
[WhiteElo "1713"]
[BlackElo "1782"]
[WhiteTeam "Berlin"]
[BlackTeam "Württemberg"]
[WhiteFideId "12943290"]
[BlackFideId "1270049"]
[EventCountry "GER"]
[EventRounds "7"]
[EventType "team-swiss"]
[EventDate "2013.10.02"]

1. d4 Nf6 2. Nd2 g6 3. e4 d6 4. Ngf3 Bg7 5. c3 O-O 6. Bc4 Nbd7 7. O-O e5 8.
dxe5 dxe5 9. Qc2 Qe7 10. Re1 b6 11. Nb3 Bb7 12. Bg5 a6 13. Rad1 Rad8 14. Bh4
Nc5 15. Nxc5 Qxc5 16. Bd3 Rfe8 17. Qe2 b5 18. Bc2 Qe7 19. h3 c5 20. Nh2 Rxd1
21. Rxd1 Rd8 22. Rxd8+ Qxd8 23. Ng4 Qd6 24. Nxf6+ Bxf6 25. Bg3 b4 26. cxb4 cxb4
27. Kh2 Qd4 28. Bd3 a5 29. f3 Bd8 30. Bf2 Qd6 31. Bc4 Kg7 32. Bb3 Ba6 33. Qc2
Bg5 34. Qc5 Qxc5 35. Bxc5 Bd8 36. Kg3 f5 37. exf5 gxf5 38. f4 e4 39. Bd4+ Kg6
40. Kf2 Bc7 41. g3 Bb5 42. Bd5 Bd6 43. Ke3 Bf1 44. g4 Bxh3 45. gxf5+ Bxf5 46.
Bxe4 Bc7 47. b3 h5 48. Kf3 h4 49. Bxf5+ Kxf5 50. Bc5 h3 51. a3 bxa3 52. Bxa3 h2
53. Kg2 Bxf4 54. Bc5 Bc7 55. Bd4 Ke4 56. Bc3 Kd3 57. Bxa5 Bxa5 58. Kxh2 Kc3 59.
b4 Bxb4 1/2-1/2

[Event "Deutsche Ländermeisterschaft 2013"]
[Site "Hannover GER"]
[Date "2013.10.04"]
[Round "5"]
[White "Degenhard, Simon"]
[Black "Koch, Elisabeth"]
[Result "0-1"]
[Termination "normal"]
[Board "5.7"]
[WhiteTitle "12"]
[BlackTitle "16w"]
[WhiteElo "1713"]
[BlackElo "1691"]
[WhiteTeam "Württemberg"]
[BlackTeam "Berlin"]
[WhiteFideId "12944017"]
[BlackFideId "24695068"]
[EventCountry "GER"]
[EventRounds "7"]
[EventType "team-swiss"]
[EventDate "2013.10.02"]

1. e4 e5 2. Nf3 Nc6 3. Bb5 a6 4. Ba4 Nf6 5. d3 b5 6. Bb3 Bc5 7. O-O h6 8. Re1
d6 9. c3 Bb6 10. Nbd2 O-O 11. a4 Bd7 12. Nf1 Na5 13. Bc2 c5 14. Ng3 Qc7 15. Nh4
c4 16. Ngf5 Kh7 17. Be3 Bc5 18. Bxc5 dxc5 19. Qd2 cxd3 20. Qxd3 Nc4 21. b3 Na5
22. Qe3 Be6 23. axb5 axb5 24. b4 cxb4 25. cxb4 Nc4 26. Qg3 Nh5 27. Qf3 Nf4 28.
Bd3 g5 29. Bxc4 Bxc4 30. Rxa8 Rxa8 31. g3 Nd3 32. Rd1 gxh4 33. Rxd3 Bxd3 34.
Qxd3 h3 35. Kf1 Qc1+ 36. Ke2 Ra2+ 0-1

[Event "Deutsche Ländermeisterschaft 2013"]
[Site "Hannover GER"]
[Date "2013.10.04"]
[Round "5"]
[White "Schnabel, Luise"]
[Black "Mütsch, Annmarie"]
[Result "0-1"]
[Termination "normal"]
[Board "5.8"]
[WhiteTitle "12w"]
[BlackTitle "12w"]
[WhiteElo "1417"]
[BlackElo "1360"]
[WhiteTeam "Berlin"]
[BlackTeam "Württemberg"]
[WhiteFideId "12943347"]
[BlackFideId "12971367"]
[EventCountry "GER"]
[EventRounds "7"]
[EventType "team-swiss"]
[EventDate "2013.10.02"]

1. e4 e6 2. d4 d5 3. Nc3 Nf6 4. e5 Nfd7 5. Be3 c5 6. f4 Nc6 7. Nf3 Be7 8. Be2
O-O 9. O-O a6 10. Qe1 b5 11. Nd1 Qb6 12. c3 cxd4 13. cxd4 f6 14. Qg3 a5 15. Rc1
Ba6 16. Bd3 b4 17. Bxa6 Qxa6 18. Qh3 Na7 19. Nf2 Rae8 20. b3 Bd8 21. Rfd1 Nb5
22. Nd3 Nc3 23. Rd2 Nxa2 24. Nc5 Nxc5 25. Rxa2 Nxb3 26. Rb1 Qc4 27. Nd2 Nxd2
28. Rxd2 Bb6 29. Rdd1 fxe5 30. fxe5 b3 31. Rbc1 Qb4 32. Bf2 a4 33. Be1 Bxd4+
34. Rxd4 Qxd4+ 35. Bf2 Qxf2+ 36. Kh1 Qf1+ 37. Rxf1 Rxf1# 0-1

[Event "Deutsche Ländermeisterschaft 2013"]
[Site "Hannover GER"]
[Date "2013.10.04"]
[Round "5"]
[White "Kitze, Alexander"]
[Black "Günnigmann, Manuel"]
[Result "0-1"]
[Termination "normal"]
[Board "6.1"]
[WhiteTitle "14"]
[BlackTitle "20"]
[WhiteElo "1951"]
[BlackElo "2140"]
[WhiteTeam "Sachsen-Anhalt"]
[BlackTeam "Niedersachsen 2"]
[WhiteFideId "12914827"]
[BlackFideId "24640360"]
[EventCountry "GER"]
[EventRounds "7"]
[EventType "team-swiss"]
[EventDate "2013.10.02"]

1. e4 c5 2. Nf3 Nc6 3. d4 cxd4 4. Nxd4 Nf6 5. Nc3 e5 6. Ndb5 d6 7. Bg5 a6 8.
Na3 b5 9. Bxf6 gxf6 10. Nd5 Bg7 11. c3 f5 12. exf5 Bxf5 13. Nc2 Be6 14. Nce3
Ne7 15. g3 Nxd5 16. Nxd5 O-O 17. Bg2 Rb8 18. O-O a5 19. Qd2 Kh8 20. a4 f5 21.
Rfd1 e4 22. Nf4 Bb3 23. Re1 bxa4 24. f3 d5 25. Kh1 d4 26. cxd4 Qxd4 27. Qxa5
Qxb2 28. Rac1 Ra8 29. Qb6 Bg8 30. Qd6 a3 31. Qe7 a2 32. Qh4 Qf6 0-1

[Event "Deutsche Ländermeisterschaft 2013"]
[Site "Hannover GER"]
[Date "2013.10.04"]
[Round "5"]
[White "Kyas, Philipp"]
[Black "Heinemann, Josefine"]
[Result "1/2-1/2"]
[Termination "normal"]
[Board "6.2"]
[WhiteTitle "18"]
[BlackTitle "16w"]
[WhiteElo "2060"]
[BlackElo "2003"]
[WhiteTeam "Niedersachsen 2"]
[BlackTeam "Sachsen-Anhalt"]
[WhiteFideId "24670936"]
[BlackFideId "12900460"]
[EventCountry "GER"]
[EventRounds "7"]
[EventType "team-swiss"]
[EventDate "2013.10.02"]

1. d4 Nf6 2. c4 g6 3. Nc3 d5 4. cxd5 Nxd5 5. e4 Nxc3 6. bxc3 Bg7 7. Bc4 c5 8.
Ne2 Nc6 9. Be3 O-O 10. O-O Qc7 11. Qd2 cxd4 12. cxd4 Nxd4 13. Bxf7+ Rxf7 14.
Bxd4 e5 15. Be3 Be6 16. Rac1 Qd7 17. Qb2 b6 18. Rfd1 Qb7 19. Rd6 Re8 20. Qb5
Rd7 21. h3 Rxd6 22. Qxe8+ Bf8 23. Bh6 Qe7 24. Qb8 Qd8 25. Qxd8 Rxd8 26. Bg5 Rc8
27. Rxc8 Bxc8 28. Nc3 Kf7 29. Be3 Ba6 30. a4 Bc4 31. f3 Bb4 32. Nb5 a6 33. Na7
b5 34. axb5 axb5 35. Nc6 Bc3 36. Bc5 Ke6 37. Kh2 Kd7 38. Nb4 Bd4 39. Bf8 Kc7
40. Be7 Kb6 41. Bd8+ Kb7 42. Be7 Bb3 43. Nd3 Kc6 44. Kg3 Kd7 45. Bf8 Bc4 46.
Nb4 Bb6 47. Na6 Bd8 48. f4 exf4+ 49. Kxf4 Be7 50. Bxe7 Kxe7 51. Ke5 Bf1 52. g4
Bxh3 53. g5 Bg2 54. Nc7 Bf1 55. Nd5+ Kf7 56. Kd6 Bg2 57. Ke5 Kg7 58. Kd4 h5 59.
gxh6+ Kxh6 60. Nf4 Bf1 61. e5 g5 62. e6 Kg7 63. Nh5+ Kf8 64. Nf6 Ke7 65. Ke5
Bc4 66. Ng8+ Ke8 67. Nf6+ Kd8 68. Kf5 Bxe6+ 69. Kxe6 b4 70. Kf5 b3 71. Ne4 Kc7
72. Kxg5 Kc6 73. Kf4 Kd5 74. Nc3+ Kc4 75. Na4 Kb4 76. Nb2 Kc3 1/2-1/2

[Event "Deutsche Ländermeisterschaft 2013"]
[Site "Hannover GER"]
[Date "2013.10.04"]
[Round "5"]
[White "Pallas, Sebastian"]
[Black "Vöge, Tobias"]
[Result "0-1"]
[Termination "normal"]
[Board "6.3"]
[WhiteTitle "14"]
[BlackTitle "16"]
[WhiteElo "1903"]
[BlackElo "1937"]
[WhiteTeam "Sachsen-Anhalt"]
[BlackTeam "Niedersachsen 2"]
[WhiteFideId "12905453"]
[BlackFideId "1270513"]
[EventCountry "GER"]
[EventRounds "7"]
[EventType "team-swiss"]
[EventDate "2013.10.02"]

1. e4 c5 2. Nf3 Nc6 3. d4 cxd4 4. Nxd4 g6 5. Nc3 Bg7 6. Be3 Nf6 7. Bc4 d6 8. f3
O-O 9. Qd2 Qa5 10. O-O-O Rb8 11. Nb3 Qd8 12. Kb1 a6 13. a4 Nd7 14. Nd4 Nde5 15.
Be2 Nxd4 16. Bxd4 b5 17. f4 b4 18. fxe5 dxe5 19. Be3 Qxd2 20. Bxd2 bxc3 21.
Bxc3 Bb7 22. Bf3 Bc6 23. a5 Rfc8 24. Ka2 Ba4 25. Rd2 Bh6 26. Rd5 Bxc2 27. Bxe5
Rb4 28. b3 Bxb3+ 29. Ka3 Bxd5 30. Kxb4 Bd2+ 31. Ka3 Be6 32. Bd4 Bc1+ 33. Bb2
Rc3+ 34. Ka4 Bxb2 35. Rb1 Ba3 0-1

[Event "Deutsche Ländermeisterschaft 2013"]
[Site "Hannover GER"]
[Date "2013.10.04"]
[Round "5"]
[White "Rinck, Michael"]
[Black "Niegsch, Nicolas"]
[Result "1/2-1/2"]
[Termination "normal"]
[Board "6.4"]
[WhiteTitle "14"]
[BlackTitle "16"]
[WhiteElo "1830"]
[BlackElo "2004"]
[WhiteTeam "Niedersachsen 2"]
[BlackTeam "Sachsen-Anhalt"]
[WhiteFideId "24690104"]
[BlackFideId "12932140"]
[EventCountry "GER"]
[EventRounds "7"]
[EventType "team-swiss"]
[EventDate "2013.10.02"]

1. e4 c5 2. d4 cxd4 3. c3 Nf6 4. e5 Nd5 5. cxd4 e6 6. Nf3 d6 7. Bc4 Nc6 8. O-O
Be7 9. Bxd5 exd5 10. Nc3 Bg4 11. Nxd5 dxe5 12. Nxe7 Qxe7 13. dxe5 Nxe5 14. Qa4+
Bd7 15. Qe4 Nxf3+ 16. Qxf3 Bc6 17. Qg3 O-O 18. Bd2 Qf6 19. Bc3 Qg6 20. Qxg6
hxg6 21. Rfe1 1/2-1/2

[Event "Deutsche Ländermeisterschaft 2013"]
[Site "Hannover GER"]
[Date "2013.10.04"]
[Round "5"]
[White "Stein, Robert"]
[Black "Evers, Annika"]
[Result "1/2-1/2"]
[Termination "normal"]
[Board "6.5"]
[WhiteTitle "12"]
[BlackTitle "20w"]
[WhiteElo "1761"]
[BlackElo "1810"]
[WhiteTeam "Sachsen-Anhalt"]
[BlackTeam "Niedersachsen 2"]
[WhiteFideId "12921084"]
[BlackFideId "24691933"]
[EventCountry "GER"]
[EventRounds "7"]
[EventType "team-swiss"]
[EventDate "2013.10.02"]

1. e4 c5 2. Nf3 e6 3. d4 cxd4 4. Nxd4 Nf6 5. Nc3 Nc6 6. Ndb5 d6 7. Bf4 e5 8.
Bg5 a6 9. Na3 b5 10. Nd5 Be7 11. Bxf6 Bxf6 12. c3 Ne7 13. Nxf6+ gxf6 14. Nc2 f5
15. exf5 Bxf5 16. Ne3 Be6 17. a4 bxa4 18. Rxa4 O-O 19. Be2 Qb6 20. Rb4 Qc7 21.
O-O Rfb8 22. Rxb8+ Rxb8 23. Qd2 a5 24. Ng4 Bxg4 25. Bxg4 d5 26. Rd1 Qd6 27. Bf3
Kh8 28. c4 d4 29. Qxa5 Rxb2 30. c5 Qe6 31. Qa8+ Qc8 32. Qa7 Qe6 33. c6 Rc2 34.
Be4 1/2-1/2